000 01314nam a22002537a 4500
999 _c364571
_d364571
001 78258
003 UA-OsUOA
005 20230504161321.0
007 ta
008 20111005b un ||||| |||| 00| 0 ukr d
020 _a978-966-380-439-2
040 _aUA-OsUOA
_bukr
_cUA-OsUOA
_dUA-OsUOA
041 _aukr
080 _a282(082)
090 _a282(082)
_bК29
245 _aКатолицизм: традиція і сучасність
_bматеріали VIII міжнародної молодіжної релігієзнавчої літньої школи
_cнаук. ред. Л. Д. Владиченко, В. Л. Хромець
260 _aК.
_c2010
300 _a354 с.
520 _aЗбірник статей та конкурсних робіт викладачів та учасників VIII міжнародної молодіжної релігієзнавчої літньої школи «Като­лицизм: традиція і сучасність», яка проходила 2-18 липня 2009 р. (м. Київ-м. Львів-м. Краків-м. Рим).
650 7 _a282 Римсько-католицька церква (Західна церква)
_2UDC
942 _cBK
_2udc
955 _a2